Les question actuelles de politique étrangère dans l'Amérique du Nord : (Record no. 123326)
[ view plain ]
| 000 -LEADER | |
|---|---|
| campo de control de longitud fija | 01432nam a2200301 4500 |
| 001 - NÚMERO DE CONTROL | |
| campo de control | 123326 |
| 003 - IDENTIFICADOR DE NÚMERO DE CONTROL | |
| campo de control | ES-MaACL |
| 005 - FECHA Y HORA DE LA ÚLTIMA TRANSACCIÓN | |
| campo de control | 20230906192142.0 |
| 007 - CAMPO FIJO DE DESCRIPCIÓN FÍSICA--INFORMACIÓN GENERAL | |
| campo de control de longitud fija | t| |
| 008 - DATOS DE LONGITUD FIJA--INFORMACIÓN GENERAL | |
| campo de control de longitud fija | 070214s1911 fr r ||||1| fre d |
| 245 04 - MENCIÓN DEL TÍTULO | |
| Título | Les question actuelles de politique étrangère dans l'Amérique du Nord : |
| Resto del título | conférences organisées par la Société des anciens éléves de l'École libre des sciences politiques / |
| Mención de responsabilidad, etc. | sous la présidence de MM. Denys Cochin ... [et al.]. |
| 260 ## - PUBLICACIÓN, DISTRIBUCIÓN, ETC. | |
| Lugar de publicación, distribución, etc. | Paris : |
| Nombre del editor, distribuidor, etc. | Félix Alcan, |
| Fecha de publicación, distribución, etc. | 1911. |
| 300 ## - DESCRIPCIÓN FÍSICA | |
| Extensión | XVIII, 242 p., 5 mapas ; |
| Dimensiones | 19 cm. |
| 490 1# - MENCIÓN DE SERIE | |
| Mención de serie | Bibliothèque d'histoire contemporaine |
| 505 8# - NOTA DE CONTENIDO CON FORMATO | |
| Nota de contenido con formato | Contiene: Le Canada et l'impérialisme britannique . Le canal de Panama . Le Mexique et son développement économique . Les États-Unis et la crise des partis . La doctrine de Monroe et le panaméricanisme |
| 650 #4 - PUNTO DE ACCESO ADICIONAL DE MATERIA--TÉRMINO DE MATERIA | |
| Término de materia o nombre geográfico como elemento de entrada | Desarrollo económico- |
| Subdivisión geográfica | México. |
| 9 (RLIN) | 172903 |
| 650 #4 - PUNTO DE ACCESO ADICIONAL DE MATERIA--TÉRMINO DE MATERIA | |
| Término de materia o nombre geográfico como elemento de entrada | Monroe, Doctrina de. |
| 9 (RLIN) | 149194 |
| 650 #4 - PUNTO DE ACCESO ADICIONAL DE MATERIA--TÉRMINO DE MATERIA | |
| Término de materia o nombre geográfico como elemento de entrada | Panamericanismo. |
| 9 (RLIN) | 15812 |
| 651 #4 - PUNTO DE ACCESO ADICIONAL DE MATERIA--NOMBRE GEOGRÁFICO | |
| Nombre geográfico | Gran Bretaña- |
| Subdivisión general | Colonias- |
| Subdivisión geográfica | América. |
| 9 (RLIN) | 8748 |
| 651 #4 - PUNTO DE ACCESO ADICIONAL DE MATERIA--NOMBRE GEOGRÁFICO | |
| Nombre geográfico | Canal de Panamá- |
| Subdivisión general | Historia. |
| 9 (RLIN) | 7942 |
| 651 #4 - PUNTO DE ACCESO ADICIONAL DE MATERIA--NOMBRE GEOGRÁFICO | |
| Nombre geográfico | México- |
| Subdivisión general | Situación económica. |
| 9 (RLIN) | 150095 |
| 651 #4 - PUNTO DE ACCESO ADICIONAL DE MATERIA--NOMBRE GEOGRÁFICO | |
| Nombre geográfico | Estados Unidos- |
| Subdivisión general | Política y gobierno- |
| Subdivisión cronológica | S.XX. |
| 9 (RLIN) | 172073 |
| 700 1# - ENTRADA AGREGADA--NOMBRE PERSONAL | |
| Nombre de persona | Cochin, Denys. |
| 9 (RLIN) | 39396 |
| 710 2# - ENTRADA AGREGADA--NOMBRE DE ENTIDAD CORPORATIVA | |
| Nombre de entidad corporativa o nombre de jurisdicción como elemento de entrada | École libre des sciences politiques (Paris) |
| 9 (RLIN) | 3414 |
| 830 1# - PUNTO DE ACCESO ADICIONAL DE SERIE-TÍTULO UNIFORME | |
| Título uniforme | Bibliothèque d'histoire contemporaine |
| 9 (RLIN) | 180875 |
| 852 ## - LOCALIZACIÓN | |
| Ubicación | ES-MaACL |
| Número de control de estantería | G-7434 |
| Estatus retirado | Estado de pérdida | Estado de daño | No para préstamo | Biblioteca de origen | Biblioteca actual | Ubicación en estantería | Fecha de adquisición | Fuente de adquisición | Total de préstamos | Signatura topográfica completa | Código de barras | Visto por última vez | Precio de reemplazo | Tipo de ítem Koha |
|---|---|---|---|---|---|---|---|---|---|---|---|---|---|---|
| Biblioteca del Ateneo de Madrid | Biblioteca del Ateneo de Madrid | Depósito 2 | 17/01/2008 | G-7434 | 1128498 | 23/02/2023 | 23/02/2023 | Libro impreso |
